| 000 | 00892nam a22002897a 4500 | ||
|---|---|---|---|
| 001 | 8909 | ||
| 003 | FISKH | ||
| 005 | 20251031101758.0 | ||
| 008 | 251031b cb ||||| |||| 00| 0 eng d | ||
| 020 | _a9780753441565 | ||
| 040 |
_aFISKH _beng _cFISKH _dFISKH |
||
| 050 | _aTL782 .M53 | ||
| 082 | _a 629.475 | ||
| 100 | _aMitton, Tony | ||
| 245 |
_aRoaring Rockets / _cTony Mitton ; Ant Parker |
||
| 250 | _aThis edition published in 2017. | ||
| 260 |
_aLondon : _bPeter Clayman, _c1997 |
||
| 300 |
_a10 unnumbered pages : _bcolor illustrations ; _c16 cm |
||
| 505 | _aE | ||
| 520 | _aA simple explanation of how space rockets work, where they travel, and what they do. | ||
| 521 | 8 |
_a160
_bLexile estimate |
|
| 521 | 8 |
_aE
_bRaz-Plus |
|
| 650 |
_aTransportation _vPicture book _xAstronauts |
||
| 700 |
_aParker, Ant _eAuthor |
||
| 942 |
_2ddc _cBK _n0 |
||
| 999 |
_c8909 _d8909 |
||